000 00815cab a22002415a 4500
001 L159237
008 150113e2015 xxk 000 0 eng d
035 _a(Sirsi) u159237
041 0 _aeng
050 _a333.3307 $2 18
100 1 _aCraig, Ewan
245 0 0 _aKeep your house in order
_h[electronic resource]
260 _c2015
490 _aRICS Building Surveying Journal
_vMarch - April 2015, 26(1)
520 _aTalks about the competency of housing maintenance, repair and improvements.
650 2 4 _aAPC
_96216
650 2 4 _aHOUSING MAINTENANCE
651 4 _aUnited Kingdom
_y
690 _aAPC
_96216
690 _aBuilding surveying
_96225
856 4 0 _uhttps://www.rics.org/Global/Building_Surveying_Journal_March_April_2015.pdf
_zView the article free of charge at www.rics.org...
942 _n0
999 _c84843
_d84843